Fixed capital adjustment is Latin America different?

Salvato in:
Dettagli Bibliografici
Autore principale: Gelos, R. Gaston
Altri autori: Isgut, Alberto
Natura: Libro
Lingua:inglese
Pubblicazione: Washington International Monetary Fund 1999
Serie:IMF working paper WP/99/59
Soggetti:
Tags: Aggiungi Tag
Nessun Tag, puoi essere il primo ad aggiungerne!!

MARC

LEADER 00000nam a2200000 4500
001 c116320
005 20221221082408.8
041 0 |a eng 
044 |a US 
245 1 0 |a Fixed capital adjustment  |b is Latin America different?  |c Prepared by R. Gaston Gelos and Alberto Isgut 
264 1 |a Washington  |b International Monetary Fund  |c 1999 
300 |a 35 s. 
490 1 |a IMF working paper  |v WP/99/59 
830 0 |a IMF working paper  |v WP/99/59 
610 2 0 |a kapitál 
610 2 0 |a výroba 
610 2 0 |a investície 
610 2 0 |a distribúcia 
610 2 0 |a politika hospodárska 
610 2 0 |a Mexiko 
610 2 0 |a Kolumbia 
610 2 0 |a Latinská Amerika 
100 1 |a Gelos, R. Gaston 
700 1 |a Isgut, Alberto